00349nam a2200133Ia 450000500170000000800410001702000180005808200190007610000380009524500220013326000380015530000080019365000140020120250409081853.0231217s9999 xx 000 0 und d a9788131501764 a001.642 FLY;2 aFlynn, Ida M. McHoes, Ann McIver. 0aOperating systems c2006bCengage LearningaNew Delhi a421 aOperating